000 00662pam a2200169 a 4500
020 _a0521392195 (hardback)
040 _cDLC
082 0 0 _a330 CAM 1991 A064 Or.
245 1 0 _aEquilibrium theory and applications :
_bproceedings of the Sixth International Symposium in Economic Theory and Econometrics /
260 _aCambridge [England] ;
_aNew York :
_bCambridge University Press,
_c1991.
300 _axii, 480 p. :
_bill. ;
_c24 cm.
650 0 _aEquilibrium (Economics)
700 1 _aBarnett, William A.
856 4 2 _uhttp://www.loc.gov/catdir/description/cam024/91010539.html
856 4 1 _uhttp://www.loc.gov/catdir/toc/cam029/91010539.html
942 _cEK
999 _c14021
_d14021